Figure Out the Lyrics IX Quiz Stats

 Plays Quiz Updated Jul 17, 2016

Support Sporcle.
Go Orange.
Score 0/122 Timer 08:00
4 Plays Today
% Correct
I
98.7%
I
98.7%
I
98.7%
I
98.7%
I
98.7%
I
98.7%
'I
98.7%
I
98.7%
I
98.7%
I
98.7%
I
98.7%
a
97.5%
a
97.5%
a
97.5%
a
97.5%
you.
94.3%
you
94.3%
you.'
94.3%
The
92.7%
the
92.7%
The
92.7%
the
92.7%
the
92.7%
the
92.7%
and
85.8%
And
85.8%
and
85.8%
And
85.8%
And
85.8%
love
84.6%
to
83.2%
to
83.2%
to
83.2%
to
83.2%
me
82.4%
what
72.2%
what
72.2%
what
72.2%
what
72.2%
do
72.2%
do?'
72.2%
% Correct
of
72.1%
of
72.1%
of
72.1%
of
72.1%
of
72.1%
in
69.9%
see
66.2%
see
66.2%
see
66.2%
see
66.2%
for
65.1%
too.
63.6%
'How
62.3%
on
62.3%
so
60.8%
world.
59.8%
world.
59.8%
world.
59.8%
world.
59.8%
think
59.2%
think
59.2%
think
59.2%
think
59.2%
wonderful
57.7%
wonderful
57.7%
wonderful
57.7%
wonderful
57.7%
myself,
56.6%
myself,
56.6%
myself,
56.6%
myself,
56.6%
are
55.7%
green,
53.5%
red
53.3%
blue
51.9%
them
51%
them
51%
roses
50.1%
skies
48.8%
know.
47.9%
trees
47.4%
% Correct
night.
46.3%
day,
46.1%
white.
44.9%
clouds
43.5%
by.
39.5%
saying,
39.2%
saying,
39.2%
sky,
38.8%
ever
37.7%
Yes,
37.5%
hear
37.3%
Oh
36.6%
people
36.1%
They're
35.4%
dark
35%
colors
35%
rainbow,
34%
bloom
33.5%
than
32.8%
I'll
32.5%
bright
31.7%
yeah.
31.2%
more
30.9%
really
30.7%
friends
29.9%
going
29.9%
pretty
28.6%
hands,
28.3%
shaking
27.2%
cry,
25.3%
watch
25.2%
faces
25%
much
24.8%
grow,
24.4%
babies
23.1%
they'll
22.6%
blessed
20.7%
also
19.8%
sacred
19.4%
learn
19.2%

From the Vault

Anyone but Dwight D. Eisenhower

by lolshortee

History 4m
“Never waste a minute thinking about people you don't like.” - Dwight D. Eisenhower
Remove Ads.
Support Sporcle.
Get the best of Sporcle when you Go Orange. This ad-free experience offers more features, more stats, and more fun while also helping to support Sporcle. Thank you for becoming a member.

Show Comments

Extras

Top Quizzes Today


Score Distribution

Your Account Isn't Verified!

In order to create a playlist on Sporcle, you need to verify the email address you used during registration. Go to your Sporcle Settings to finish the process.

Report this User

Report this user for behavior that violates our Community Guidelines.

Details: